| 000 | 00975nam a2200241 a 4500 | ||
|---|---|---|---|
| 999 |
_c188402 _d188402 |
||
| 005 | 20220520122359.0 | ||
| 008 | 080508s2008 ctua 000 0 eng | ||
| 010 | _aB-78130 | ||
| 020 |
_c199.00 _a9780143335412 |
||
| 035 | _aB-78130 | ||
| 037 | _bPENGUIN BOOK INDIA | ||
| 040 |
_adpl _bEnglish |
||
| 082 | _aS | ||
| 100 | _aNarayan, R.K. | ||
| 245 |
_aMalgudi schooldays: _cby R.K.Narayan; introduction by Shashi Deshpande; illustrated by R.K. Laxman _bthe adventures of Swami and his friends / |
||
| 260 |
_aNew Delhi _bPuffin Books _c2010 |
||
| 270 |
_a11 Community Centre, Panchsheel Park, _bNew Delhi _e110017 |
||
| 300 |
_axi, 238p.: _c20cm(pbk) _bill |
||
| 520 | _aCollects anecdotes from teenagers about friendship, peer pressure, self-acceptance, family life, relationships, and overcoming obstacles. | ||
| 700 | _aLaxman, R.K. | ||
| 942 |
_2ddc _cCH _mNAR _hS |
||